Respuesta sísmica con acoplamiento a torsión de sistemas elásticos e inelásticos de un piso

Gespeichert in:
Bibliographische Detailangaben
1. Verfasser: Cordero Barrantes, Jorge
Format: Buch
Veröffentlicht: [San José , Costa Rica] 1986
Schlagworte:
Tags: Tag hinzufügen
Keine Tags, Fügen Sie den ersten Tag hinzu!

MARC

LEADER 00000nam a2200000Ia 4500
003 002917
005 20221231144402.0
008 140114s1986 cr a m 000 ||s d
040 |c cru CEDI 
090 |a TFG 1704 
100 |a Cordero Barrantes, Jorge  |9 14530 
245 |a Respuesta sísmica con acoplamiento a torsión de sistemas elásticos e inelásticos de un piso 
260 |c 1986  |a  [San José , Costa Rica] 
300 |a  115 hojas : ilustraciones ; 27 cm  
500 |a  Proyecto de graduación (ingeniero civil)-- Universidad de Costa Rica. Escuela de Ingeniería Civil 
650 |x CONSTRUCCIONES ANTISISMICAS   |x DISEÑO DE ESTRUCTURAS  |9 14531 
942 |c TFG 
999 |c 21101  |d 21101